000
00324nam a2200145Ia 4500
005
20251222143154.0
008
251222s9999||||xx |||||||||||||| ||spa||
020
_a
84-339-2463-X
082
_a
869.26/P55
100
_a
Piglia, Ricardo
245
0
_a
Formas Breves
250
_a
2a.ed.
264
_b
Anagrana
942
_c
LIB
999
_c
12786
_d
12786